000 00799nam a2200253Ia 4500
003 OSt
005 20221005104318.0
006 a|||||r|||| 00| 0
007 ta
008 221004b |||||||| |||| 00| 0 hin d
024 _a79463
037 _cTextual
040 _aCRL
_cCRL
_bhin
041 _2hin
_ahin
082 _aO152,3M80w, P2
100 _aमदन गोपाल
245 0 _aप्रेमचंद की आत्मकथा
246 _aPremachanda kī ātmakathā
260 _aदिल्ली
_bप्रभात प्रकाशन भारत
_c2002
300 _a228पृ0
_ccm.
650 _aहिन्दी साहित्य
942 _hO152,3M80w, P2
_cTEXL
_2cc
999 _c1012333
_d1012333